00978cam a2200289 a 45000010005000000030009000050050017000140070005000310080030000360200018000660400025000840820026001091000036001352400029001712450142002002500011003422600049003533000021004024900036004235340036004596500036004956500039005317000048005707000021006187000026006397000023006651162DO-SdBPM20241204115817.01163831026s2008 ag 000 f spa  a9789500815970 aDO-SdBPMcspadBPMSU 4a813.4bA355m 20082221 aAlcott, Louisa May,d1832-1888.10aLitle women.lEspañol.10aLas mujercitas se casan /cLouisa May Alcott; traducción Coras Bosch; Ilustraciones Horacio D. Gatto ; adaptación Rosa S. Corgatelli a7a ed. aBueno Aires :bEditorial Atlántida ,c2008 a208 p. ;c20 cm.0 aNueva biblioteca Billiken,v13 aTítulo original:tLitle women 4aNovela juvenil estadounidense  4a Literatura juvenil estadounidense1 aHoracio D. Gatto Horacio eilustraciones 1 aLilian, Benmayor1 a Coras Bosch; etr. 1 aRosa S. Corgatelli